[Event "Abu Dhabi op 26th"]
[Site "Abu Dhabi"]
[Date "2019.08.09"]
[Round "8"]
[White "Asaka, Samuel"]
[Black "Mithil, Ajgaonkar"]
[Result "0-1"]
[WhiteElo "2201"]
[BlackElo "2314"]
[PlyCount "60"]
[EventDate "2019.08.02"]
[EventType "swiss"]
[EventRounds "9"]
[EventCountry "UAE"]
[SourceTitle "CBM 191 Extra"]
[Source "ChessBase"]
[SourceDate "2019.09.30"]
[SourceVersion "1"]
[SourceVersionDate "2019.09.30"]
[SourceQuality "1"]

1. d4 d5 2. Nf3 Nf6 3. c4 e6 4. g3 Be7 5. Bg2 0-0 6. 0-0 c6 7. Qc2 b6 8. Nbd2 Bb7 9. e4 Na6 10. a3 Rc8 11. b4 c5 12. dxc5 bxc5 13. b5 Nc7 14. exd5 exd5 15. Nh4 Ba8 16. Nb3 dxc4 17. Qxc4 Bxg2 18. Nxg2 Qd5 19. Qa4 Qb7 20. Rb1 Qxb5 21. Qxa7 Nfd5 22. Nd2 Qd3 23. Rb3 Qc2 24. Ne3 Nxe3 25. Rxe3 Bg5 26. f4 Bf6 27. Nf3 Nb5 28. Qa5 Nc3 29. Kh1 Nd1 30. Ree1 Bc3 0-1

[Event "Thane ARMS op 1st"]
[Site "Thane"]
[Date "2018.04.21"]
[Round "4"]
[White "Joglekar, Abhijit"]
[Black "Mithil, Ajgaonkar"]
[Result "0-1"]
[WhiteElo "1545"]
[BlackElo "2278"]
[PlyCount "74"]
[EventDate "2018.04.21"]
[EventType "swiss (rapid)"]
[EventRounds "9"]
[EventCountry "IND"]
[SourceTitle "CBM 184 Extra"]
[Source "ChessBase"]
[SourceDate "2018.06.28"]
[SourceVersion "1"]
[SourceVersionDate "2018.06.28"]
[SourceQuality "1"]

1. e4 c6 2. d4 d5 3. Nc3 dxe4 4. Nxe4 Nd7 5. Ng5 Ndf6 6. Bc4 e6 7. Ne2 h6 8. Nf3 Bd6 9. 0-0 Qc7 10. Ng3 Ne7 11. Re1 b6 12. Qe2 0-0 13. Ne5 Ned5 14. Bd3 Bb7 15. c4 Nb4 16. Bb1 c5 17. Ng4 Nxg4 18. Qxg4 f5 19. Qh3 Rae8 20. a3 Nc6 21. Bd2 Nxd4 22. Bc3 Bc8 23. b4 Be5 24. Ne2 Bf6 25. Ra2 e5 26. Qd3 e4 27. Qd2 Rd8 28. Qb2 Nxe2+ 29. Rxe2 Rd1+ 30. Re1 Rxe1+ 31. Bxe1 Bxb2 32. Rxb2 cxb4 33. axb4 Be6 34. c5 Qe5 35. Rc2 Qa1 36. Rc1 Qb2 37. Rd1 Bb3 0-1

[Event "Thane ARMS op 1st"]
[Site "Thane"]
[Date "2018.04.21"]
[Round "3"]
[White "Mithil, Ajgaonkar"]
[Black "Bartakke, Aditya"]
[Result "1-0"]
[WhiteElo "2278"]
[BlackElo "1360"]
[PlyCount "97"]
[EventDate "2018.04.21"]
[EventType "swiss (rapid)"]
[EventRounds "9"]
[EventCountry "IND"]
[SourceTitle "CBM 184 Extra"]
[Source "ChessBase"]
[SourceDate "2018.06.28"]
[SourceVersion "1"]
[SourceVersionDate "2018.06.28"]
[SourceQuality "1"]

1. d4 Nf6 2. c4 e6 3. Nf3 c5 4. e3 cxd4 5. Nxd4 d5 6. Nc3 Be7 7. cxd5 Nxd5 8. Bb5+ Bd7 9. Nxd5 exd5 10. Bxd7+ Nxd7 11. 0-0 0-0 12. b3 Bf6 13. Bb2 Rc8 14. Qe2 Re8 15. Rfd1 Qb6 16. Nf5 Bxb2 17. Qxb2 Nf6 18. Rxd5 Qe6 19. Rad1 g6 20. Nh6+ Kg7 21. Rd6 Qe5 22. Qxe5 Rxe5 23. Rxf6 Rd5 24. Rxf7+ Kxh6 25. Rf1 Rd2 26. Rxb7 Rxa2 27. g3 Rcc2 28. h4 Rcb2 29. g4 g5 30. h5 Ra4 31. Rxh7+ Kxh7 32. bxa4 Rb4 33. f3 Rxa4 34. Kg2 Ra2+ 35. Kg3 a5 36. Rc1 a4 37. Rc5 Kh6 38. Rc6+ Kh7 39. Rg6 a3 40. Rxg5 Re2 41. Kf4 a2 42. Ra5 Rb2 43. e4 Kg7 44. g5 Kh7 45. Ra7+ Kg8 46. g6 Rh2 47. Kg5 Rb2 48. h6 Rb5+ 49. Kf4 1-0

[Event "Mumbai Wealth op 3rd"]
[Site "Mumbai"]
[Date "2018.01.07"]
[Round "9"]
[White "Mithil, Ajgaonkar"]
[Black "Kunal, M."]
[Result "1/2-1/2"]
[WhiteElo "2219"]
[BlackElo "2352"]
[PlyCount "112"]
[EventDate "2017.12.30"]
[EventType "swiss"]
[EventRounds "9"]
[EventCountry "IND"]
[SourceTitle "CBM 182 Extra"]
[Source "ChessBase"]
[SourceDate "2018.02.23"]
[SourceVersion "1"]
[SourceVersionDate "2018.02.23"]
[SourceQuality "1"]

1. d4 Nf6 2. c4 e6 3. Nf3 d5 4. Nc3 c5 5. cxd5 cxd4 6. Qxd4 exd5 7. Bg5 Be7 8. e3 Nc6 9. Bb5 0-0 10. Bxc6 bxc6 11. 0-0 h6 12. Bh4 c5 13. Qd3 Be6 14. Rfd1 g5 15. Bg3 Qb6 16. Qc2 Rac8 17. Be5 Rfd8 18. h3 Qb7 19. Rd2 Ne4 20. Nxe4 dxe4 21. Rxd8+ Rxd8 22. Nd2 Rd3 23. b3 Qb4 24. Rd1 f6 25. Ba1 Bf5 26. Nb1 c4 27. bxc4 Rxd1+ 28. Qxd1 Qxc4 29. Nc3 Be6 30. Qb1 Qd3 31. Qb7 Kf7 32. Bb2 f5 33. Qxa7 Qd6 34. Nb5 Qd1+ 35. Kh2 Qd7 36. Qxd7 Bxd7 37. Nd4 Bf6 38. Kg1 Bxd4 39. Bxd4 Bb5 40. f3 h5 41. Bb6 g4 42. fxg4 fxg4 43. Kf2 gxh3 44. gxh3 Ke6 45. Kg3 Kf5 46. Kh4 Kg6 47. Bd8 Bd7 48. a3 Bb5 49. Kg3 Kf5 50. Kf2 Ke6 51. Ke1 Kd5 52. Be7 Bd7 53. h4 Kc4 54. Bd6 Kb3 55. Kf2 Bg4 56. Kg3 Bf3 1/2-1/2

[Event "Mumbai Wealth op 3rd"]
[Site "Mumbai"]
[Date "2018.01.03"]
[Round "5"]
[White "Mithil, Ajgaonkar"]
[Black "Nguyen, Duc Hoa"]
[Result "0-1"]
[WhiteElo "2219"]
[BlackElo "2504"]
[PlyCount "100"]
[EventDate "2017.12.30"]
[EventType "swiss"]
[EventRounds "9"]
[EventCountry "IND"]
[SourceTitle "CBM 182 Extra"]
[Source "ChessBase"]
[SourceDate "2018.02.23"]
[SourceVersion "1"]
[SourceVersionDate "2018.02.23"]
[SourceQuality "1"]

1. d4 Nf6 2. Nf3 g6 3. g3 Bg7 4. Bg2 0-0 5. 0-0 d5 6. c3 b6 7. Ne5 Bb7 8. c4 Qc8 9. Nc3 dxc4 10. Nxc4 Bxg2 11. Kxg2 Qb7+ 12. f3 Nd5 13. e4 Nxc3 14. bxc3 c5 15. Bb2 Nd7 16. Ne3 Rac8 17. Qb3 Qa6 18. Rf2 Rfd8 19. a4 Bh6 20. Nd5 Re8 21. Qb5 Qb7 22. a5 a6 23. Qe2 b5 24. dxc5 e6 25. Ne3 Ne5 26. Ba3 Bxe3 27. Qxe3 Nc4 28. Qg5 Nxa3 29. Rxa3 e5 30. Rd2 Rxc5 31. Ra1 Rxc3 32. Rad1 Qe7 33. Qxe7 Rxe7 34. Rd8+ Kg7 35. R1d6 Ra7 36. Rd5 Rb7 37. Ra8 Rc6 38. Rxe5 b4 39. Ree8 b3 40. Reb8 Rcc7 41. Rg8+ Kh6 42. Rad8 b2 43. g4 b1Q 44. Rd5 Rb2+ 45. Kh3 Qf1+ 46. Kg3 Qg1+ 47. Kf4 Qxh2+ 48. Ke3 Re2+ 49. Kd4 Rd2+ 50. Ke3 Rc3+ 0-1

[Event "Mumbai Wealth op 3rd"]
[Site "Mumbai"]
[Date "2017.12.30"]
[Round "1"]
[White "Mithil, Ajgaonkar"]
[Black "Aan, Sikka"]
[Result "1-0"]
[WhiteElo "2219"]
[BlackElo "1910"]
[PlyCount "48"]
[EventDate "2017.12.30"]
[EventType "swiss"]
[EventRounds "9"]
[EventCountry "IND"]
[SourceTitle "CBM 182 Extra"]
[Source "ChessBase"]
[SourceDate "2018.02.23"]
[SourceVersion "1"]
[SourceVersionDate "2018.02.23"]
[SourceQuality "1"]

1. d4 d5 2. c4 e6 3. cxd5 exd5 4. Nc3 c6 5. Nf3 Bf5 6. Bf4 Bd6 7. Bxd6 Qxd6 8. g3 Nf6 9. Bg2 0-0 10. Nh4 Bg6 11. Nxg6 hxg6 12. 0-0 Nbd7 13. Rb1 a5 14. a3 Rfe8 15. Qc2 Nb6 16. Rfd1 Re7 17. Qb3 Ra6 18. e3 a4 19. Qc2 Ra8 20. Bf1 Ne4 21. Bd3 f5 22. b4 axb3 23. Rxb3 Rxa3 24. Bxe4 fxe4 1-0

[Event "Abu Dhabi op 24th"]
[Site "Abu Dhabi"]
[Date "2017.08.21"]
[Round "8"]
[White "Mithil, Ajgaonkar"]
[Black "Saim, Mohamed Ilias"]
[Result "1-0"]
[WhiteElo "2224"]
[BlackElo "2102"]
[PlyCount "85"]
[EventDate "2017.08.14"]
[EventType "swiss"]
[EventRounds "9"]
[EventCountry "UAE"]
[SourceTitle "CBM 180 Extra"]
[Source "ChessBase"]
[SourceDate "2017.10.06"]
[SourceVersion "1"]
[SourceVersionDate "2017.10.06"]
[SourceQuality "1"]

1. d4 Nf6 2. Nf3 g6 3. g3 Bg7 4. Bg2 0-0 5. 0-0 d6 6. c4 Nbd7 7. Nc3 e5 8. e4 Re8 9. h3 exd4 10. Nxd4 a6 11. Be3 Rb8 12. b3 Nc5 13. Qc2 Bd7 14. Rad1 Qc8 15. Kh2 h5 16. Bg5 Nh7 17. Bc1 h4 18. g4 Nf6 19. f3 Nh7 20. f4 c6 21. f5 b5 22. g5 Be5+ 23. Kh1 Qd8 24. b4 Na4 25. Nxa4 bxa4 26. Nf3 Bg3 27. Qc3 a3 28. Bxa3 Nxg5 29. Bb2 Be5 30. Nxe5 dxe5 31. fxg6 fxg6 32. Rd6 Qe7 33. Rxg6+ Kh7 34. Rgf6 Kg7 35. Qd2 Qxf6 36. Rxf6 Kxf6 37. Qxd7 Nf7 38. Qf5+ Kg7 39. Bf3 Rb7 40. Bh5 Ree7 41. Bxf7 Rxf7 42. Bxe5+ Kg8 43. Qg5+ 1-0

[Event "Abu Dhabi op 24th"]
[Site "Abu Dhabi"]
[Date "2017.08.17"]
[Round "4"]
[White "Mithil, Ajgaonkar"]
[Black "Kavinda, Akila"]
[Result "1-0"]
[WhiteElo "2224"]
[BlackElo "2124"]
[PlyCount "51"]
[EventDate "2017.08.14"]
[EventType "swiss"]
[EventRounds "9"]
[EventCountry "UAE"]
[SourceTitle "CBM 180 Extra"]
[Source "ChessBase"]
[SourceDate "2017.10.06"]
[SourceVersion "1"]
[SourceVersionDate "2017.10.06"]
[SourceQuality "1"]

1. d4 g6 2. c4 Bg7 3. g3 f5 4. Bg2 Nf6 5. Nf3 0-0 6. b3 c5 7. Bb2 Ne4 8. 0-0 Nc6 9. e3 d6 10. Nc3 Nxc3 11. Bxc3 e5 12. dxc5 dxc5 13. Qd5+ Kh8 14. Qxc5 Qe8 15. Rad1 a5 16. Qa3 e4 17. Nd4 Ne5 18. Nb5 Qf7 19. Rd5 Ng4 20. Nd6 Qc7 21. Nxe4 Be6 22. Qd6 Qc8 23. Bxg7+ Kxg7 24. Rc5 Qe8 25. Rc7+ Kg8 26. Re7 1-0

[Event "Abu Dhabi op 24th"]
[Site "Abu Dhabi"]
[Date "2017.08.15"]
[Round "2"]
[White "Mithil, Ajgaonkar"]
[Black "Rajdeep, Sarkar"]
[Result "0-1"]
[WhiteElo "2224"]
[BlackElo "2360"]
[PlyCount "72"]
[EventDate "2017.08.14"]
[EventType "swiss"]
[EventRounds "9"]
[EventCountry "UAE"]
[SourceTitle "CBM 180 Extra"]
[Source "ChessBase"]
[SourceDate "2017.10.06"]
[SourceVersion "1"]
[SourceVersionDate "2017.10.06"]
[SourceQuality "1"]

1. d4 e6 2. c4 b6 3. Nf3 Bb7 4. Nbd2 Nf6 5. g3 c5 6. Bg2 cxd4 7. 0-0 d3 8. exd3 Be7 9. b3 0-0 10. Bb2 d5 11. Ne5 Nc6 12. Ndf3 Rc8 13. Qe2 Nxe5 14. Nxe5 Re8 15. Rac1 Bf8 16. f4 Rc7 17. f5 exf5 18. Rxf5 dxc4 19. dxc4 Qa8 20. Bxb7 Qxb7 21. Qg2 Bc5+ 22. Kh1 Ne4 23. Rcf1 f6 24. Nd3 Rd7 25. Nxc5 bxc5 26. Bc1 a5 27. Kg1 a4 28. Qc2 axb3 29. axb3 Red8 30. Re1 Nd2 31. Re3 Nxb3 32. Qxb3 Rd1+ 33. Kf2 Qh1 34. g4 Qxh2+ 35. Kf3 Rf1+ 36. Ke4 Rd4# 0-1

[Event "Abu Dhabi op 24th"]
[Site "Abu Dhabi"]
[Date "2017.08.14"]
[Round "1"]
[White "Harika, Dronavalli"]
[Black "Mithil, Ajgaonkar"]
[Result "1-0"]
[WhiteElo "2526"]
[BlackElo "2224"]
[PlyCount "67"]
[EventDate "2017.08.14"]
[EventType "swiss"]
[EventRounds "9"]
[EventCountry "UAE"]
[SourceTitle "CBM 180 Extra"]
[Source "ChessBase"]
[SourceDate "2017.10.06"]
[SourceVersion "1"]
[SourceVersionDate "2017.10.06"]
[SourceQuality "1"]

1. c4 c6 2. Nf3 d5 3. e3 Nf6 4. d4 Bf5 5. Nc3 e6 6. Nh4 Bg4 7. Qb3 Qb6 8. h3 Bh5 9. g4 Bg6 10. Nxg6 hxg6 11. g5 Ng8 12. c5 Qc7 13. e4 Nd7 14. exd5 exd5 15. Ne2 Ne7 16. Bf4 Qa5+ 17. Bd2 Qc7 18. h4 Nf5 19. 0-0-0 b6 20. Bf4 Qb7 21. Ng3 Be7 22. Nxf5 gxf5 23. Re1 Nf8 24. Bd3 g6 25. Be5 Rh5 26. f4 0-0-0 27. Qd1 bxc5 28. Bxf5+ Nd7 29. Bg4 Rh7 30. dxc5 Bxc5 31. Qc2 Qb6 32. Rh3 Bd4 33. Rb3 Qc5 34. Rb8# 1-0

[Event "Mumbai Mayors Cup 10th"]
[Site "Mumbai"]
[Date "2017.06.08"]
[Round "7"]
[White "Mithil, Ajgaonkar"]
[Black "Raghunandan, Kaumandur Srihari"]
[Result "1-0"]
[WhiteElo "2203"]
[BlackElo "2410"]
[PlyCount "77"]
[EventDate "2017.06.04"]
[EventType "swiss"]
[EventRounds "10"]
[EventCountry "IND"]
[SourceTitle "CBM 178 Extra"]
[Source "ChessBase"]
[SourceDate "2017.06.22"]
[SourceVersion "1"]
[SourceVersionDate "2017.06.22"]
[SourceQuality "1"]

1. d4 d5 2. Nf3 Nf6 3. e3 c5 4. c4 cxd4 5. Nxd4 a6 6. Nc3 e6 7. cxd5 exd5 8. Be2 Bd6 9. Qa4+ Bd7 10. Qd1 0-0 11. 0-0 Qe7 12. Bf3 Qe5 13. g3 Nc6 14. Nce2 Ne4 15. Bd2 Bh3 16. Re1 Qf6 17. Bc3 Nxd4 18. Nxd4 Be5 19. Qe2 Rac8 20. Rac1 Rfe8 21. Red1 h6 22. Bg2 Bd7 23. Qf3 Qg6 24. Qe2 h5 25. f3 Nf6 26. Qc2 Qh6 27. Qf2 h4 28. Bd2 Qg6 29. g4 Qh6 30. h3 Bg3 31. Qe2 Qg6 32. Rxc8 Rxc8 33. Bc3 Bb8 34. Qd3 Qh6 35. f4 Nxg4 36. hxg4 Bxg4 37. Nf5 Qe6 38. Qd4 Be5 39. Qxe5 1-0

[Event "Mumbai Mayors Cup 10th"]
[Site "Mumbai"]
[Date "2017.06.07"]
[Round "6"]
[White "Chandreyee, Hajra"]
[Black "Mithil, Ajgaonkar"]
[Result "0-1"]
[WhiteElo "1934"]
[BlackElo "2203"]
[PlyCount "72"]
[EventDate "2017.06.04"]
[EventType "swiss"]
[EventRounds "10"]
[EventCountry "IND"]
[SourceTitle "CBM 178 Extra"]
[Source "ChessBase"]
[SourceDate "2017.06.22"]
[SourceVersion "1"]
[SourceVersionDate "2017.06.22"]
[SourceQuality "1"]

1. e4 c6 2. d4 d5 3. Nc3 dxe4 4. Nxe4 Nd7 5. Nf3 Ngf6 6. Nxf6+ Nxf6 7. Bd3 Bg4 8. c3 e6 9. h3 Bxf3 10. Qxf3 Be7 11. 0-0 0-0 12. Bf4 Qb6 13. b3 Nd5 14. Bd2 Bf6 15. Rfd1 a5 16. Bc2 Rfd8 17. g4 Rd7 18. a3 Qd8 19. b4 g6 20. Qe4 axb4 21. axb4 Rxa1 22. Rxa1 Nxb4 23. Be3 Nd5 24. Bd2 Bg5 25. f4 Be7 26. f5 exf5 27. gxf5 Bg5 28. fxg6 hxg6 29. Qg2 Bxd2 30. Qxd2 Qh4 31. Bb3 Qg3+ 32. Qg2 Qxc3 33. Ra8+ Kg7 34. Qg5 Qxd4+ 35. Kh1 Qe4+ 36. Kg1 Nf4 0-1

[Event "PRO League KO Stage"]
[Site "Chess.com INT"]
[Date "2017.03.01"]
[Round "1"]
[White "Mithil, Ajgaonkar"]
[Black "Kaasen, Tor Fredrik"]
[Result "0-1"]
[WhiteElo "2203"]
[BlackElo "2442"]
[PlyCount "218"]
[EventDate "2017.03.01"]
[EventType "team-k.o. (rapid)"]
[EventRounds "5"]
[EventCountry "USA"]
[SourceTitle "CBM 177 Extra"]
[Source "ChessBase"]
[SourceDate "2017.04.27"]
[SourceVersion "1"]
[SourceVersionDate "2017.04.27"]
[SourceQuality "1"]
[WhiteTeam "Mumbai Movers"]
[BlackTeam "Norway Gnomes"]
[WhiteTeamCountry "IND"]
[BlackTeamCountry "NOR"]

1. d4 Nf6 2. Nf3 g6 3. g3 Bg7 4. Bg2 0-0 5. 0-0 c6 6. c3 d6 7. Nbd2 Bf5 8. Nh4 Bc8 9. e4 e5 10. Qc2 Na6 11. Nhf3 Qe7 12. Nc4 exd4 13. Nxd4 Nc5 14. Bf4 Nfxe4 15. Rfe1 d5 16. Bd6 Qd8 17. Bxf8 Qxf8 18. Nd2 Nxd2 19. Qxd2 Bd7 20. Nb3 Qd6 21. Nxc5 Qxc5 22. Qe3 d4 23. Qe7 Qxe7 24. Rxe7 Rd8 25. cxd4 Bxd4 26. Rd1 Kf8 27. Ree1 Bxb2 28. Bh3 f5 29. Rb1 Bc3 30. Rec1 Bd2 31. Rd1 Bc8 32. Rb2 Ba5 33. Rxd8+ Bxd8 34. Bg2 Bf6 35. Rc2 Be6 36. Bf1 Bd4 37. Bc4 Bxc4 38. Rxc4 c5 39. a4 Ke7 40. Kf1 Kd6 41. Ke2 b6 42. f3 a6 43. Rc1 b5 44. axb5 axb5 45. Kd3 Kd5 46. Re1 c4+ 47. Kd2 Bc5 48. Re8 b4 49. Rd8+ Kc6 50. Kc2 Bg1 51. Rc8+ Kd5 52. Rd8+ Ke5 53. Re8+ Kd4 54. Rd8+ Ke3 55. Rb8 Kxf3 56. Rxb4 Bxh2 57. Rb7 Bxg3 58. Rxh7 Be5 59. Re7 Kf4 60. Ra7 c3 61. Kd3 g5 62. Ra4+ Kf3 63. Ra5 Kf4 64. Ra4+ Kg3 65. Ra5 c2 66. Kxc2 Kf4 67. Kd3 g4 68. Ke2 Ke4 69. Ra4+ Bd4 70. Ra8 f4 71. Re8+ Be5 72. Ra8 f3+ 73. Kf1 g3 74. Ra2 Bd4 75. Rc2 Kf4 76. Ra2 Kg4 77. Rd2 Be3 78. Rf2 Bf4 79. Ra2 Kh3 80. Ra3 g2+ 81. Kf2 Bg3+ 82. Kxf3 g1Q 83. Ra2 Qf1+ 84. Ke4 Qf4+ 85. Kd3 Qf5+ 86. Kc3 Qc5+ 87. Kb3 Qd5+ 88. Kb2 Be5+ 89. Ka3 Bc3 90. Rc2 Qa5+ 91. Kb3 Qb4+ 92. Ka2 Qa4+ 93. Kb1 Qb3+ 94. Kc1 Kg3 95. Rg2+ Kf3 96. Rg3+ Ke4 97. Re3+ Kd4 98. Re4+ Kc5 99. Re2 Qa3+ 100. Kc2 Bd4 101. Rd2 Kc4 102. Kd1 Qf3+ 103. Kc2 Bc3 104. Rh2 Qe4+ 105. Kd1 Qf3+ 106. Kc1 Qf1+ 107. Kc2 Qf5+ 108. Kc1 Qf4+ 109. Kd1 Qxh2 0-1

[Event "PRO League Eastern"]
[Site "Chess.com INT"]
[Date "2017.02.01"]
[Round "4"]
[White "Tadic, Branko"]
[Black "Mithil, Ajgaonkar"]
[Result "1-0"]
[WhiteElo "2472"]
[BlackElo "2216"]
[PlyCount "123"]
[EventDate "2017.01.11"]
[EventType "team-swiss (rapid)"]
[EventRounds "7"]
[EventCountry "USA"]
[SourceTitle "CBM 176 Extra"]
[Source "ChessBase"]
[SourceDate "2017.03.02"]
[SourceVersion "1"]
[SourceVersionDate "2017.03.02"]
[SourceQuality "1"]
[WhiteTeam "Belgrade Sparrows"]
[BlackTeam "Mumbai Movers"]
[WhiteTeamCountry "SRB"]
[BlackTeamCountry "IND"]

1. Nf3 Nf6 2. g3 d5 3. Bg2 c6 4. 0-0 Bf5 5. c4 e6 6. d3 Be7 7. Qb3 Qb6 8. Qc2 0-0 9. Be3 c5 10. cxd5 Nxd5 11. Bg5 Bxg5 12. Nxg5 Nc6 13. Nd2 Nd4 14. Qd1 Bg4 15. Nc4 Nxe2+ 16. Kh1 Qd8 17. Qd2 Nd4 18. Rae1 h6 19. Ne4 Nf3 20. Bxf3 Bxf3+ 21. Kg1 b6 22. Ne5 Bxe4 23. dxe4 Nb4 24. Qe2 Qc7 25. f4 Rad8 26. Rd1 Nc6 27. Nc4 Nd4 28. Qh5 Qc6 29. Rde1 Qb5 30. b3 Qa6 31. f5 exf5 32. exf5 Qxa2 33. f6 Qxb3 34. Ne5 Qd5 35. Qg4 g6 36. Nxg6 Qg5 37. Ne7+ Kh8 38. Qh3 Ne6 39. Re5 Qd2 40. Rh5 Qe3+ 41. Kh1 Qe4+ 42. Kg1 Qe3+ 43. Kh1 Qe4+ 44. Qg2 Qxg2+ 45. Kxg2 Kh7 46. Nf5 Rd2+ 47. Kh1 Kg6 48. Rxh6+ Kg5 49. h3 Nd4 50. g4 Nxf5 51. Rh5+ Kg6 52. Rfxf5 Rfd8 53. Rhg5+ Kh6 54. Rh5+ Kg6 55. Rhg5+ Kh6 56. Rh5+ Kg6 57. Rhg5+ Kh6 58. Rg7 Rd1+ 59. Kg2 R8d2+ 60. Kg3 Rd3+ 61. Kh4 Rd5 62. g5# 1-0

[Event "Chennai op 9th"]
[Site "Chennai"]
[Date "2017.01.23"]
[Round "7"]
[White "Mithil, Ajgaonkar"]
[Black "Neverov, Valeriy"]
[Result "1/2-1/2"]
[WhiteElo "2216"]
[BlackElo "2478"]
[PlyCount "50"]
[EventDate "2017.01.18"]
[EventType "swiss"]
[EventRounds "10"]
[EventCountry "IND"]
[SourceTitle "CBM 176 Extra"]
[Source "ChessBase"]
[SourceDate "2017.03.02"]
[SourceVersion "1"]
[SourceVersionDate "2017.03.02"]
[SourceQuality "1"]

1. d4 Nf6 2. Nf3 g6 3. g3 c5 4. Bg2 Bg7 5. 0-0 0-0 6. c4 cxd4 7. Nxd4 Nc6 8. Nc3 Nxd4 9. Qxd4 d6 10. Qh4 Be6 11. Bxb7 Rb8 12. Bd5 Nxd5 13. cxd5 Bf5 14. Qa4 Qd7 15. Qa3 Bh3 16. Rd1 Rfc8 17. Bd2 Qf5 18. f3 Bd4+ 19. Kh1 Qc2 20. Qa4 Qxa4 21. Nxa4 Bxb2 22. Nxb2 Rxb2 23. Kg1 Rcc2 24. Bc1 Rxa2 25. Rxa2 Rxa2 1/2-1/2